000
00257nam a2200097Ia 4500
008
240331s9999 xx 000 0 und d
082
_b
GRA
100
_a
Grant, J
245
0
_a
Fundamental Feminism :
_b
contesting the core concepts of feminist theory
942
_c
L
999
_c
1763
_d
1763